Member States of the Commonwealth of Nations - Statistics

General Stats
  • This quiz has been taken 20 times
  • The average score is 36 of 52
Answer Stats
Answer % Correct
Australia
88%
India
88%
New Zealand
88%
South Africa
88%
Vanuatu
88%
Bangladesh
81%
Pakistan
81%
Samoa
81%
Solomon Islands
81%
Sri Lanka
81%
Tonga
81%
United Kingdom
81%
Zambia
81%
Botswana
75%
Canada
75%
Kenya
75%
Kiribati
75%
Lesotho
75%
Malawi
75%
Malta
75%
Nauru
75%
Nigeria
75%
Swaziland
75%
Tanzania
75%
Barbados
69%
Cyprus
69%
Fiji
69%
Jamaica
69%
Mauritius
69%
Namibia
69%
Singapore
69%
Bahamas
63%
Cameroon
63%
Dominica
63%
Ghana
63%
Grenada
63%
Malaysia
63%
Mozambique
63%
Rwanda
63%
Saint Lucia
63%
Seychelles
63%
St Kitts and Nevis
63%
St Vincent and the Grenadines
63%
Tuvalu
63%
Uganda
63%
Brunei
56%
Sierra Leone
56%
Trinidad and Tobago
56%
Guyana
50%
Papua New Guinea
50%
Antigua and Barbuda
44%
Belize
44%
No matching quizzes found
Score Distribution
Percent of People with Each Score
Percentile by Number Answered
Your Score History
You have not taken this quiz